000 00824nas a2200241 4500
001 BR9601775
003 BR-BrBNA
005 20231205095144.0
007 ta
008 230509b bl.|||p| |||| 00| 00por d
040 _aBR-BrBNA
_bpor
_cBiblioteca Nacional de Agricultura
041 _a(Pt)
072 _aF02
100 1 _aKersten, E.
100 1 _aIbanez, U.A.
245 1 _aEfeito do acido indolbutirico (AIB)no enraizamento de estacas de ramos de goiabeira (Psidium guajava L.), em condicao de nebulizacao e teor de aminoacidos totais
650 _aGoiaba
650 _aAcido Indolbutirico
650 _aEnraizamento de Estaca
773 0 _tRevista Brasileira de Fruticultura (Brazil)
_xISSN 0100-2945
_g(1993), v. 15(1) p. 87-89
_wBR9601775
909 _a202311
_bLúcia
_c55
_dLúcia Elande
942 _2AGRIS
_n0
_cANA
999 _c148946
_d148946